Rising Manipur: including other North-Eastern states (Record no. 9679)

MARC details
000 -LEADER
fixed length control field 00352nam a2200133Ia 4500
020 ## - INTERNATIONAL STANDARD BOOK NUMBER
ISBN 8170491177
082 ## - DEWEY DECIMAL CLASSIFICATION NUMBER
Classification number 307.772095417 HOR-R
100 ## - MAIN ENTRY--AUTHOR NAME
Personal name Horam, M.
245 #0 - TITLE STATEMENT
Title Rising Manipur: including other North-Eastern states
260 ## - PUBLICATION, DISTRIBUTION, ETC. (IMPRINT)
Place of publication New Delhi
Name of publisher Manas Publications
Year of publication 2000
300 ## - PHYSICAL DESCRIPTION
Number of Pages 267
650 ## - SUBJECT ADDED ENTRY--TOPICAL TERM
Topical Term Tribes and tribals
Geographic subdivision Manipur
942 ## - ADDED ENTRY ELEMENTS (KOHA)
Koha item type Books
Source of classification or shelving scheme Dewey Decimal Classification
Holdings
Withdrawn status Lost status Damaged status Not for loan Collection code Home library Current library Date acquired Bill Date Full call number Accession Number Price effective from Koha item type
        Docas Books NASSDOC Library NASSDOC Library 26/09/2016 2004-10-22 307.772095417 HOR-R D001033 18/04/2019 Books